[Event "Montigny le Bretonneux Noel op 09th"]
[Site "Montigny le Bretonneux"]
[Date "2006.12.27"]
[Round "1"]
[White "Chasez, Fabien"]
[Black "Massard, Rene"]
[Result "1-0"]
[WhiteElo "1952"]
[BlackElo "1650"]
[PlyCount "53"]
[EventDate "2006.12.27"]
[EventType "swiss"]
[EventRounds "7"]
[EventCountry "FRA"]
[SourceTitle "CBM 116 Extra"]
[Source "ChessBase"]
[SourceDate "2007.03.07"]
[SourceVersion "1"]
[SourceVersionDate "2007.03.07"]
[SourceQuality "1"]

1. e4 c6 2. d4 e6 3. Nf3 f5 4. Bd3 fxe4 5. Bxe4 d5 6. Bd3 Bd6 7. Bg5 Nf6 8. c3 Nbd7 9. Qe2 0-0 10. Qxe6+ Rf7 11. Qxd6 Qe8+ 12. Kf1 Ne4 13. Bxe4 Qxe4 14. Nbd2 Qd3+ 15. Kg1 Qf5 16. Re1 Qc2 17. Re8+ Rf8 18. Qe6+ Kh8 19. Qf7 h6 20. Rxf8+ Nxf8 21. Qxf8+ Kh7 22. Be3 Bf5 23. Qxa8 Qd1+ 24. Nf1 Bd3 25. N3d2 h5 26. Qxb7 h4 27. h3 1-0